000 01141nam0a22003011 4500
001 v19\rc\1989625
005 20251118181354.9
035 _a(NLR Aleph) 005085700
090 _a7243619
_c7243619
100 _a20080811d1915 u y0rusy50 ca
101 0 _arus
102 _aRU
105 _aa j |||||
200 1 _aУчебник русской истории
_eДля ст. кл. сред. учеб. заведений
_e(Системат. курс)
_fИ.В. Скворцов
205 _a5-е изд.
210 _aПетроград
_cТ-во И.Д. Сытина
_d1915
215 _aXII, 458 с., 3 л. табл.
_d23
300 _aИзд. также под загл.: Русская история
451 0 _12001#$aРусская история
_tРусская история
700 1 _7ca
_8rus
_aСкворцов
_bИ. В.
_cпублицист
_f1855-
_gИван Васильевич
_9240610
_3RU\NLR\AUTH\770240666
801 0 _aRU
_bNLR
_gpsbo
801 0 _aRU
_bRuMoRGB
_2psbo
801 1 _aRU
_bProSoft-M
_2rusmarc
852 _aNLR
_j37.66.6.71
899 _aRuMoRGB
_jV 66/275
899 _aБАН
942 _cBOOK
980 _aNB